000 00596nam a22001457a 4500
020 _a9789696371823
082 _a495.1321
100 _aSyed Hasan Javed
245 _aParamount Chinese-English-Urdu Dictionary
260 _aKarachi
_bParamount Books
_c2016
300 _a504p
942 _cBK
999 _c3432
_d3432